00982nam a22002777a 4500003000400000005001700004008004100021010001500062020002600077035001400103037001300117040000600130082001000136100002900146245005700175246000600232260005200238270008600290300002800376500005600404650003400460650002800494942002400522999001900546952013900565dpl20231220170249.0231220b |||||||| |||| 00| 0 eng d aENG-138675 a9789354792083c895.00 aEN-122207 bDBAD/PUB c0 a612.8 aWickens, Andrew P.93454 aIntroduction to Biopsychology/cBy Andrew P. Wickens b  bSage Publishing India Pvt LtdaNew Delhi c2021 bNew Delhi aB1/1-1 Mohan Cooperative Indutrial Area Mathura Road e110044cDelhi avarious pagesc24cm(pb) aIncludes, glossary and bibliographical references  aEarly childhood - care929927 aChild Development 9895 2ddccENh612.8mWIC c199737d199737 00102ddc40708NFICaZLSbZLSd2023-12-20eDBAD/PUBg895.00l0o612.8 WICpEN-122207r2023-12-20 00:00:00t1v895.00w2023-12-20yEN